000 00730nam a2200193 a 4500
003 0
005 20250408120632.0
008 071122s19uu xx 00 eng d
050 _aPHS LB 3602
_b.J36 2007
100 _aJamias, Allan Arthur G.
245 _aRelationship of extracurricular activities to the social skills of students /
_cAllan Arthur G. Jamias.
260 _aLas PiƱas City, Philippines :
_bSouthville International School and Colleges,
_c2007.
300 _a31 pages :
_billustrations ;
_c28 cm.
504 _aIncludes bibliographical references.
650 _aExtracurricular activities
_xPsychological aspects.
650 _aStudent activities.
650 _aSocial skills in adolescence.
942 _2lcc
_cPASS
999 _c97834
_d97834